000 00207 a2200097 4500
001 35199
100 _aS I D
245 _aDeevar-e-Girya
260 _aLahore
_bMuktab Mary Library
_c
090 _c23336
_d23336
942 _aNUST-CAE
_cM
_c14821
999 _c270272
_d270272